000 00792nam a2200301Ia 4500
001 33154
003 IT-RoPAU
008 130308s9999 xx 000 0 und d
040 _aIT-RoPAU
040 _cIT-RoPAU
041 _aINGLESE
100 _aWilliams Alan
100 _gCodice Aut. SPICS: 10228
245 _aGodard's Use of Sound
245 _bFilm Sound-Theory And Practice
250 _a1a ed.
260 _aN.Y.
260 _bColumbia University Press
260 _c1985 [1° Ed.:1985 - Ed.Ling.Originale:]
300 _a"13 p. (prefazione: no ; testo: 13 [pagine: 332-345])"
500 _aUso del Sonoro in Godard
650 _aLINGUAGGIO CINEMATOGRAFICO
650 _eCodice materia Spics: 6804
942 _cBK
957 _71
999 _c51755
_d51755
999 _bSI
999 _g1